| 000 | 01059cam a2200325 a 4500 | ||
|---|---|---|---|
| 001 | 3431409 | ||
| 003 | OSt | ||
| 005 | 20140310181713.0 | ||
| 008 | 910125s1991 cauab 001 0 eng | ||
| 010 | _a 91007846 | ||
| 020 |
_a091837362X : _c$12.95 |
||
| 040 |
_aDLC _cDLC _dDLC |
||
| 043 | _aa-ph--- | ||
| 050 | 0 | 0 |
_aDS 654 _b.H293 1991 |
| 082 | 0 | 0 |
_aFIL 915.9904 _bH233 1991 |
| 100 | 1 |
_aHarper, Peter, _d1947- |
|
| 245 | 1 | 0 |
_aPhilippines handbook / _cPeter Harper & Evelyn Sebastion Peplow ; illustrations by Diana Lasich Harper. |
| 260 |
_aChico, CA, USA : _bMoon Publications, _c1991. |
||
| 300 |
_a587 p. : _bill. : maps ; _c19 cm. |
||
| 440 | 4 | _aThe Pacific/Asia series | |
| 500 | _aIncludes index. | ||
| 521 | _a | ||
| 541 | _j1 | ||
| 562 | _e1 | ||
| 651 | 0 |
_aPhilippines _xGuidebooks. |
|
| 700 | 1 | _aPeplow, Evelyn Sebastion. | |
| 906 |
_a7 _bcbc _corignew _d1 _eocip _f19 _gy-gencatlg |
||
| 942 |
_2lcc _cBK-FIL _kFIL |
||
| 999 |
_c1660 _d1660 |
||